Bingkisan Bahasa Dewan Bahasa Dan Pustaka Wilayah Selatan Bilangan 1 : 50 Isu Tatabahasa
| Format: | Book |
|---|---|
| Published: |
Johor Bahru :
Cetak Ratu Sdn Bhd ,
2007
|
| Subjects: |
MARC
| LEADER | 00000cam a2200000 7i4500 | ||
|---|---|---|---|
| 001 | 0000024779 | ||
| 005 | 20090116.0 | ||
| 008 | 090116 | ||
| 090 | 0 | 0 | |a 499.235 |b BIN |
| 245 | 1 | 0 | |a Bingkisan Bahasa Dewan Bahasa Dan Pustaka Wilayah Selatan Bilangan 1 : |b 50 Isu Tatabahasa |c Penasihat Abdul Nasir Mohd Razali |
| 260 | |a Johor Bahru : |b Cetak Ratu Sdn Bhd , |c 2007 | ||
| 650 | 0 | |a Malay language-Grammar | |
| 650 | 0 | |a Malay language-Syntax | |
| 999 | |a 0001036518 |b Book |c Adult Collection |e Cawangan Bandar Penawar | ||